Planeación para la conservación de la biodiversidad terrestre en México : (Registro nro. 7483)

Detalles MARC
000 -CABECERA
Campo de control 00784nam a22002057a 4500
005 - FECHA Y HORA DE LA ULTIMA TRANSACCION
Campo de control 20130729155904.0
008 - ELEMENTOS DE LONGITUD FIJA—INFORMACION GENERAL
Campo de control 130729b2011 mx ||||| |||| 00| 0 spa d
020 ## - ISBN
ISBN 9786077607588
041 ## - IDIOMA
Código de idioma para texto/pista de sonido o título separado Español
044 ## - PAÍS DE PUBLICACIÓN
País de publicación México
082 ## - NUMERO DE CLASIFICACION DECIMAL DEWEY
Número de clasificación 333.72
Número del ítem P712p
110 ## - ASIENTO PRINCIPAL--NOMBRE CORPORATIVO
Nombre corporativo o de jurisdicción como elemento de entrada Comisión nacional para el conocimiento y uso de la biodiversidad
Unidad subordinad Comisión nacional de áreas naturales protegidas
245 ## - MENCION DE TITULO
Título Planeación para la conservación de la biodiversidad terrestre en México :
Parte restante del título retos en un país megadiverso /
260 ## - PUBLICACION, DISTRIBUCION, ETC. (PIE DE IMPRENTA)
Lugar de publicación, distribución, etc. México, D.F.
Nombre del editor, distribuidor, etc. CONABIO
Fecha de publicación, distribución, etc. 2011
300 ## - DESCRIPCION FISICA
Extensión 244 p.
Otros detalles físicos il., mapas, tablas.
Dimensiones 27 cm.
650 #6 - ASIENTO SECUNDARIO DE MATERIA - TERMINO TEMATICO
Término temático o nombre geográfico como elemento de entrada Biodiversidad
Subdivisión geográfica México
650 #6 - ASIENTO SECUNDARIO DE MATERIA - TERMINO TEMATICO
Término temático o nombre geográfico como elemento de entrada Areas protegidas
Subdivisión geográfica México
650 #6 - ASIENTO SECUNDARIO DE MATERIA - TERMINO TEMATICO
Término temático o nombre geográfico como elemento de entrada Conservación de la biodiversidad
Subdivisión geográfica México
942 ## - ELEMENTOS ADICIONALES (KOHA)
Sistema de clasificación Dewey Decimal Classification
Tipo de ítem Impreso
Existencias
Withdrawn status Lost status Sistema de Clasificación Damaged status No para préstamo Colección Inventariado Ubicación Permanente Ubicación actual Fecha de adquisición Fuente de Valor Valor Total Checkouts Número topográfico Inventario / Código de Barras Date last seen Ejemplar Price effective from Tipo de material
    Dewey Decimal Classification     General Inventariado 2017 Bogotá Bogotá 29/07/2013 Instituto 39000.00   LB 333.72 P712p 028538 29/07/2013 Ej. 1 29/07/2013 Libro